000 00363nam a2200109Ia 4500
008 171211s9999 xx 000 0 und d
245 _aAltern im Wandel: Zwei Jahrzehnte Deutscher Alterssurvey
245 _cJulia Katharina Wolff, Julia Simonson, and Katharina Mahne
260 _c2016
650 _xFITNESS
856 _uhttp://down.ebook777.com/062/3658125012.pdf
999 _c349074
_d349074